000 00423nam a22001697a 4500
003 OSt
005 20211019163609.0
008 211019b |||||||| |||| 00| 0 eng d
020 _a0-306-45443-2
040 _aDDC
_cHU
082 _21ST
_a613
_b1
100 _aDAVID S.GOCHMAN
_914382
245 _aHAND BOOK OF HEALTH BEHAVIOR RESEARCH
250 _a1ST
260 _aNEW YORK
_bPLENUM PRESS
_c1997
942 _2ddc
_cBOOKS
_n0
999 _c13484
_d13484